000 00461nam a22001457a 4500
999 _c530168
_d530168
003 NUST
005 20191011155910.0
038 _aNusrat Nadeem
082 _a004.12 RIZ
100 _a RIZWAN MUHAMMAD
_923559
245 _aMS/Thesis:A High Throughput In Silico Pipeline to Discover Potential Therapeutic Targets in Prokaryotic Pathogens
_cMUHAMMAD RIZWAN
260 _aIslamabad
_bRCMS NUST
_c2016
700 _4Dr. Jamil Ahmed (Supervisor)
942 _2ddc
_cTHE